Music Quiz

Random Music or US Presidents Quiz

Presidents by Artists' #1s Quiz Stats

 Plays Quiz not verified by Sporcle

Challenge
Share
Tweet
Embed
Score 0/30 Timer 03:00
0 Plays Today
Artist President % Correct
????
85.4%
????
74%
????
67.4%
????
67%
????
64.4%
????
63.8%
????
58.4%
????
47.3%
????
45.1%
????
44.5%
????
44.5%
????
42.1%
????
40.6%
????
40.2%
????
37%
Artist President % Correct
????
34.8%
????
33.8%
????
33.7%
????
33.5%
????
33.3%
????
33.2%
????
32.5%
????
32.4%
????
29.4%
????
28.1%
????
27.6%
????
26.1%
????
23%
????
21.2%
????
20.8%

You're not logged in!

Compare scores with friends on all Sporcle quizzes.
Join for Free
OR
Log In

You Might Also Like...

Show Comments

Extras

Top Quizzes Today


Score Distribution

Your Account Isn't Verified!

In order to create a playlist on Sporcle, you need to verify the email address you used during registration. Go to your Sporcle Settings to finish the process.

Report this User

Report this user for behavior that violates our Community Guidelines.

Details: